Survey of London volume 22 (Record no. 104065)

MARC details
000 -LEADER
fixed length control field 01187cam a2200217 4500
001 - CONTROL NUMBER
control field J128979
008 - FIXED-LENGTH DATA ELEMENTS--GENERAL INFORMATION
fixed length control field 050307n1950 000 0 eng u
035 ## - SYSTEM CONTROL NUMBER
System control number (Sirsi) u128979
041 ## - LANGUAGE CODE
Language code of text/sound track or separate title eng
050 ## - LIBRARY OF CONGRESS CALL NUMBER
Classification number 720
-- 18
245 ## - TITLE STATEMENT
Title Survey of London volume 22
Remainder of title Bankside (the parishes of St Saviour and Christchurch Southwark)
260 ## - PUBLICATION, DISTRIBUTION, ETC.
Place of publication, distribution, etc. London
Name of publisher, distributor, etc. London County Council
Date of publication, distribution, etc. 1950
300 ## - PHYSICAL DESCRIPTION
Extent xx, 152p.
Other physical details ill.
Dimensions 30cm.
490 ## - SERIES STATEMENT
Series statement Survey of London Main Series
Volume/sequential designation 22
520 ## - SUMMARY, ETC.
Summary, etc. This volume of the "Survey of London", English Heritage's detailed architectural and topographical study, describes buildings south of the Thames between Blackfriars Bridge and London Bridge (many which have been demolished or rebuilt), explaining how they came into being and outlining their significance and historical associations. This earlier volume is highly selective and includes few buildings erected after 1800. Includes photographs and maps together with plans, sections and elevations of selected buildings.
590 ## - LOCAL NOTE (RLIN)
Local note SOL
690 ## - LOCAL SUBJECT ADDED ENTRY--TOPICAL TERM (OCLC, RLIN)
Topical term or geographic name as entry element BUILT ENVIRONMENT-CONSTRUCTION DESIGN
700 ## - ADDED ENTRY--PERSONAL NAME
Personal name Roberts, Howard
Titles and other words associated with a name Sir
International Standard Serial Number General Editor
700 ## - ADDED ENTRY--PERSONAL NAME
Personal name Godfrey, Walter H.
International Standard Serial Number General Editor
942 ## - ADDED ENTRY ELEMENTS (KOHA)
Suppress in OPAC 0
Holdings
Withdrawn status Lost status Source of classification or shelving scheme Damaged status Not for loan Home library Current library Shelving location Date acquired Total Checkouts Full call number Barcode Date last seen Copy number Price effective from Koha item type
    Dewey Decimal Classification     London London Basement 08/03/2005   SHELF 135 30062543 06/08/2019 1 06/08/2019 Reference material